Zagadkowy kraj 6# - Statystyki

Ogólne statystyki
  • Ten quiz został rozwiązany 22 razy
  • Średni wynik to 10 z 10
Statystyki odpowiedzi
Hint Odpowiedź % Poprawnych
# A
100%
# A
100%
# A
100%
# K
100%
# K
100%
# N
95%
# S
95%
# T
95%
# Z
95%
# H
84%
Nie znaleziono quizów pasujących do podanych kryteriów
Rozkład punktacji
Procent ludzi z każdym wynikiem
Percentyl według liczby udzielonych odpowiedzi
Twoja historia wyników
Nie rozwiązałeś tego quizu